Introduction to Koranic and Classical Arabi (Record no. 17937)
[ view plain ]
| 000 -LEADER | |
|---|---|
| fixed length control field | 00677nam a2200253 a 4500 |
| 020 ## - INTERNATIONAL STANDARD BOOK NUMBER | |
| ISBN | 0936347 |
| 082 00 - DEWEY DECIMAL CLASSIFICATION NUMBER | |
| Classification number | 492.715 |
| Author Cutter | THA |
| 100 ## - MAIN ENTRY--AUTHOR NAME | |
| Author name | Thackston, Wheeler M |
| 245 ## - TITLE STATEMENT | |
| Title | Introduction to Koranic and Classical Arabi |
| 260 ## - PUBLICATION, DISTRIBUTION, ETC. (IMPRINT) | |
| Place of publication | Maryland |
| Name of publisher | Iran Books |
| Year of publication | 1994 |
| 300 ## - PHYSICAL DESCRIPTION | |
| Number of Pages | 327p |
| 500 ## - GENERAL NOTE | |
| General note | includes index and biblioraphy |
| 505 2# - FORMATTED CONTENTS NOTE | |
| Formatted contents note | Elementary Grammar of the Language |
| 650 ## - SUBJECT ADDED ENTRY--TOPICAL TERM | |
| Topical Term | Arabic-Grammar |
| 650 ## - SUBJECT ADDED ENTRY--TOPICAL TERM | |
| Topical Term | Quran-Language, Style |
| 942 ## - ADDED ENTRY ELEMENTS (KOHA) | |
| Koha item type | Books |
| 700 1# - | |
| -- | Thackston, Wheeler M |
| Collection code | Home library | Current library | Date acquired | Cost, normal purchase price | Full call number | Accession Number | Koha item type |
|---|---|---|---|---|---|---|---|
| Henry Martyn Institute Library | Henry Martyn Institute Library | 06/07/2007 | 100.00 | 492.715 THA | 11001011 | Books |
